[Event "DFMMLV 2019"]
[Site "Braunfels"]
[Date "2019.06.22"]
[Round "4.55"]
[White "Luecke, Kristina"]
[Black "Alhassan, Jodi"]
[Result "1-0"]
[WhiteElo "1513"]
[BlackElo "1108"]
[Annotator "NA"]
[PlyCount "91"]
[EventDate "2019.06.20"]
[EventType "team-tourn"]
[EventCountry "GER"]
[SourceTitle "playchess.com"]
[Source "ChessBase"]
[SourceQuality "1"]
[WhiteTeam "Niedersachsen Bremen"]
[BlackTeam "Saarland"]
[TimeControl "40/5400+30:1800+30"]

1. e4 {[%emt 0:00:00]} c5 {[%emt 0:00:00]} 2. Nf3 {[%emt 0:00:00]} d6 {[%emt 0:00:00]} 3. d4 {[%emt 0:00:12]} cxd4 {[%emt 0:00:00]} 4. Nxd4 {[%emt 0:00:06]} Nf6 {[%emt 0:00:00]} 5. Nc3 {[%emt 0:00:55]} a6 {[%emt 0:00:46]} 6. a4 {[%emt 0:03:27]} Nc6 {[%emt 0:01:53]} 7. Be2 {[%emt 0:05:10]} e6 {[%emt 0:10:50]} 8. O-O {[%emt 0:08:34]} Be7 {[%emt 0:02:09]} 9. Be3 {[%emt 0:04:51]} O-O {[%emt 0:03:33]} 10. Qd2 {[%emt 0:04:34]} Qc7 {[%emt 0:07:59]} 11. f4 {[%emt 0:04:14]} e5 {[%emt 0:15:42]} 12. Nf5 {[%emt 0:04:45]} Bxf5 {[%emt 0:04:09]} 13. exf5 {[%emt 0:00:22]} e4 {[%emt 0:01:25]} 14. g4 {[%emt 0:02:41]} Nb4 {[%emt 0:07:51]} 15. g5 {[%emt 0:03:55]} Ne8 {[%emt 0:01:20]} 16. Nxe4 {[%emt 0:02:06]} Qxc2 {[%emt 0:01:36]} 17. Qxb4 {[%emt 0:07:23]} Qxe2 {[%emt 0:00:41]} 18. Rae1 {[%emt 0:02:27]} Qg4+ {[%emt 0:09:56]} 19. Ng3 {[%emt 0:01:34]} Rb8 {[%emt 0:01:15]} 20. Ba7 {[%emt 0:03:52]} Ra8 {[%emt 0:04:03]} 21. Qxb7 {[%emt 0:01:47]} Rxa7 {[%emt 0:00:37]} 22. Qxa7 {[%emt 0:01:08]} Bd8 {[%emt 0:00:28]} 23. Kg2 {[%emt 0:06:14]} Nc7 {[%emt 0:01:43]} 24. Qd4 {[%emt 0:00:41]} h6 {[%emt 0:06:48]} 25. h4 {[%emt 0:01:57]} hxg5 {[%emt 0:00:30]} 26. hxg5 {[%emt 0:01:08]} Bxg5 {[%emt 0:00:59]} 27. Qxd6 {[%emt 0:05:55]} Bh4 {[%emt 0:00:00]} 28. Re3 {[%emt 0:00:40]} Bxg3 {[%emt 0:01:00]} 29. Rxg3 {[%emt 0:00:19]} Qe2+ {[%emt 0:00:32]} 30. Rf2 {[%emt 0:00:45]} Qe4+ {[%emt 0:00:25]} 31. Kh2 {[%emt 0:02:37]} Ne8 {[%emt 0:03:19]} 32. Qh6 {[%emt 0:02:58]} Qxf5 {[%emt 0:01:39]} 33. Rfg2 {[%emt 0:02:45]} Qf6 {[%emt 0:01:30]} 34. Rxg7+ {[%emt 0:00:58]} Qxg7 {[%emt 0:01:28]} 35. Rxg7+ {[%emt 0:00:25]} Nxg7 {[%emt 0:00:06]} 36. Qxa6 {[%emt 0:00:21]} Rb8 {[%emt 0:00:13]} 37. Qe2 {[%emt 0:01:16]} Rb4 {[%emt 0:00:16]} 38. a5 {[%emt 0:02:58]} Rxf4 {[%emt 0:00:30]} 39. a6 {[%emt 0:00:26]} Rh4+ {[%emt 0:00:25]} 40. Kg1 {[%emt 0:00:52]} Ra4 {[%emt 0:00:17]} 41. Qb5 {[%emt 0:31:01]} Rg4+ {[%emt 0:30:18]} 42. Kf2 {[%emt 0:00:32]} Rf4+ {[%emt 0:00:04]} 43. Ke3 {[%emt 0:00:19]} Rh4 {[%emt 0:00:11]} 44. Qd7 {[%emt 0:01:49]} Ne6 {[%emt 0:00:25]} 45. a7 {[%emt 0:01:40]} Rh3+ {[%emt 0:01:20]} 46. Kf2 {[%emt 0:00:12]} 1-0

[Event "DFMMLV 2019"]
[Site "Braunfels"]
[Date "2019.06.22"]
[Round "4.56"]
[White "Fett, Sabine"]
[Black "Evering, Kira"]
[Result "1-0"]
[WhiteElo "1684"]
[BlackElo "1332"]
[Annotator "NA"]
[PlyCount "43"]
[EventDate "2019.06.20"]
[EventType "team-tourn"]
[EventCountry "GER"]
[SourceTitle "playchess.com"]
[Source "ChessBase"]
[SourceQuality "1"]
[WhiteTeam "Schleswig Holstein"]
[BlackTeam "Niedersachsen Bremen"]
[TimeControl "40/5400+30:1800+30"]

1. e4 {[%emt 0:00:00]} e6 {[%emt 0:00:00]} 2. d4 {[%emt 0:00:15]} d5 {[%emt 0:00:00]} 3. e5 {[%emt 0:01:06]} c5 {[%emt 0:00:10]} 4. c3 {[%emt 0:03:21]} Qb6 {[%emt 0:00:11]} 5. Ne2 {[%emt 0:07:01]} Nc6 {[%emt 0:02:03]} 6. g3 {[%emt 0:07:34]} Nh6 {[%emt 0:02:21]} 7. Bh3 {[%emt 0:02:42]} Qa5 {[%emt 0:15:27]} 8. O-O {[%emt 0:01:14]} b5 {[%emt 0:04:07]} 9. Bxh6 {[%emt 0:06:43]} gxh6 {[%emt 0:00:21]} 10. f4 {[%emt 0:00:23]} Be7 {[%emt 0:11:59]} 11. Nd2 {[%emt 0:07:10]} O-O {[%emt 0:04:32]} 12. f5 {[%emt 0:08:05]} exf5 {[%emt 0:03:44]} 13. Bxf5 {[%emt 0:03:15]} Bg5 {[%emt 0:09:33]} 14. Bxc8 {[%emt 0:06:43]} Raxc8 {[%emt 0:01:24]} 15. Nf3 {[%emt 0:02:10]} Rfe8 {[%emt 0:12:25]} 16. Nxg5 {[%emt 0:04:05]} hxg5 {[%emt 0:00:26]} 17. Qd3 {[%emt 0:03:27]} cxd4 {[%emt 0:02:13]} 18. cxd4 {[%emt 0:06:05]} Qb6 {[%emt 0:05:24]} 19. Rxf7 {[%emt 0:01:04]} Kxf7 {[%emt 0:04:06]} 20. Qxh7+ {[%emt 0:00:26]} Ke6 {[%emt 0:00:29]} 21. Qg6+ {[%emt 0:00:16]} Kd7 {[%emt 0:01:55]} 22. Qd6# {[%emt 0:00:10]} 1-0

[Event "DFMMLV 2019"]
[Site "Braunfels"]
[Date "2019.06.23"]
[Round "5.1"]
[White "Steinbacher, Claudia"]
[Black "Li, Zhuoling"]
[Result "0-1"]
[WhiteElo "2080"]
[BlackElo "2140"]
[Annotator "ChessBase"]
[PlyCount "91"]
[EventDate "2019.06.20"]
[EventType "team-tourn"]
[EventCountry "GER"]
[SourceTitle "playchess.com"]
[Source "ChessBase"]
[SourceQuality "1"]
[WhiteTeam "Sachsen"]
[BlackTeam "Wuerttemberg 1"]
[TimeControl "40/5400+30:1800+30"]

1. d4 {[%emt 0:00:00]} Nf6 {[%emt 0:00:00]} 2. c4 {[%emt 0:00:00]} g6 {[%emt 0:00:00]} 3. Nc3 {[%emt 0:00:00]} d5 {[%emt 0:00:00]} 4. Nf3 {[%emt 0:04:36]} Bg7 {[%emt 0:00:00]} 5. e3 {[%emt 0:00:05]} O-O {[%emt 0:00:05]} 6. Qb3 {[%emt 0:00:46]} e6 {[%emt 0:00:13]} 7. Be2 {[%emt 0:01:32]} c5 {[%emt 0:00:18]} 8. dxc5 {[%emt 0:01:49]} Ne4 {[%emt 0:25:18]} 9. Nxe4 {[%emt 0:17:37]} dxe4 {[%emt 0:00:08]} 10. Nd2 {[%emt 0:00:01]} f5 {[%emt 0:00:11]} 11. Qc2 {[%emt 0:02:33]} Na6 {[%emt 0:03:17]} 12. O-O {[%emt 0:06:35]} Qc7 {[%emt 0:06:31]} 13. Rb1 {[%emt 0:08:11]} Nb4 {[%emt 0:11:34]} 14. Qb3 {[%emt 0:00:44]} a5 {[%emt 0:02:04]} 15. a3 {[%emt 0:01:31]} Na6 {[%emt 0:00:28]} 16. Qc2 {[%emt 0:03:05]} Nxc5 {[%emt 0:11:51]} 17. b4 {[%emt 0:10:33]} axb4 {[%emt 0:01:03]} 18. axb4 {[%emt 0:00:02]} Na4 {[%emt 0:00:21]} 19. Rb3 {[%emt 0:00:33]} Bd7 {[%emt 0:02:37]} 20. Nb1 {[%emt 0:08:31]} Rfc8 {[%emt 0:05:53]} 21. Ra3 {[%emt 0:10:41]} Nb6 {[%emt 0:07:00]} 22. Rxa8 {[%emt 0:04:11]} Rxa8 {[%emt 0:00:02]} 23. Bd2 {[%emt 0:00:43]} Ba4 {[%emt 0:12:24]} 24. Qc1 {[%emt 0:00:23]} Rc8 {[%emt 0:04:38]} 25. Na3 {[%emt 0:05:25]} Bd7 {[%emt 0:01:06]} 26. Bc3 {[%emt 0:00:44]} Be8 {[%emt 0:01:14]} 27. Bxg7 {[%emt 0:01:45]} Qxg7 {[%emt 0:00:05]} 28. Qd2 {[%emt 0:00:09]} Ra8 {[%emt 0:01:29]} 29. Qd6 {[%emt 0:01:56]} Na4 {[%emt 0:00:13]} 30. Nb5 {[%emt 0:01:54]} Nc3 {[%emt 0:02:02]} 31. Nxc3 {[%emt 0:01:10]} Qxc3 {[%emt 0:00:02]} 32. Rd1 {[%emt 0:00:18]} Bf7 {[%emt 0:00:19]} 33. h3 {[%emt 0:02:18]} Ra1 {[%emt 0:01:00]} 34. Qd4 {[%emt 0:00:00] Kg7 Qxc3+} Ra2 {[%emt 0:00:16]} 35. Kf1 {[%emt 0:01:43] Kf6 Ke1+} h5 {[%emt 0:01:43]} 36. c5 {[%emt 0:00:24]} Rb2 {[%emt 0:00:52]} 37. b5 {[%emt 0:00:17]} Be8 {[%emt 0:00:05]} 38. b6 {[%emt 0:01:46]} Bc6 {[%emt 0:00:33]} 39. Bc4 {[%emt 0:00:00]} Rc2 {[%emt 0:00:00]} 40. Bb3 {[%emt 0:00:00] Rxc3 Ba2} h4 {[%emt 0:00:00] Kd2 Ra3} 41. Bc4 {[%emt 0:18:28]} f4 {[%emt 0:14:59]} 42. Re1 f3 {[%emt 0:00:30]} 43. g3 {[%emt 0:04:19]} hxg3 {[%emt 0:01:25]} 44. fxg3 {[%emt 0:00:01]} f2 {[%emt 0:01:29]} 45. Rb1 {[%emt 0:03:23] Rc3 Ke2} Bb5 {[%emt 0:09:08]} 46. Rxb5 {[%emt 0:00:50] Rc2+ Kf1} 0-1

[Event "DFMMLV 2019"]
[Site "Braunfels"]
[Date "2019.06.23"]
[Round "5.2"]
[White "Meier, Annemarie"]
[Black "Arnhold, Steffi"]
[Result "1/2-1/2"]
[WhiteElo "2267"]
[BlackElo "1996"]
[Annotator "NA"]
[PlyCount "58"]
[EventDate "2019.06.20"]
[EventType "team-tourn"]
[EventCountry "GER"]
[SourceTitle "playchess.com"]
[Source "ChessBase"]
[SourceQuality "1"]
[WhiteTeam "Wuerttemberg 1"]
[BlackTeam "Sachsen"]
[TimeControl "40/5400+30:1800+30"]

1. Nf3 {[%emt 0:00:00]} Nf6 {[%emt 0:00:00]} 2. c4 {[%emt 0:00:00]} c5 {[%emt 0:00:00]} 3. Nc3 {[%emt 0:00:00]} b6 {[%emt 0:00:09]} 4. e4 {[%emt 0:00:26]} Bb7 {[%emt 0:00:36]} 5. e5 {[%emt 0:00:06]} Ng8 {[%emt 0:03:22]} 6. Bd3 {[%emt 0:02:00]} g6 {[%emt 0:06:16]} 7. Be4 {[%emt 0:04:32]} Bxe4 {[%emt 0:00:36]} 8. Nxe4 {[%emt 0:00:09]} Nc6 {[%emt 0:00:23]} 9. Qe2 {[%emt 0:02:18]} Bg7 {[%emt 0:02:11]} 10. O-O {[%emt 0:04:33]} Nxe5 {[%emt 0:09:25]} 11. Re1 {[%emt 0:04:12]} d6 {[%emt 0:10:16]} 12. d4 {[%emt 0:04:50]} Nc6 {[%emt 0:04:57]} 13. Bf4 {[%emt 0:04:27]} Kf8 {[%emt 0:14:10]} 14. d5 {[%emt 0:04:05]} Nd4 {[%emt 0:03:47]} 15. Nxd4 {[%emt 0:01:07]} Bxd4 {[%emt 0:04:03]} 16. Rad1 {[%emt 0:03:37]} Kg7 {[%emt 0:03:49]} 17. h3 {[%emt 0:01:57]} Nf6 {[%emt 0:05:25]} 18. Ng5 {[%emt 0:00:26]} Re8 {[%emt 0:06:23]} 19. Qd2 {[%emt 0:05:51]} Nh5 {[%emt 0:03:51]} 20. Bh2 {[%emt 0:00:20]} Kg8 {[%emt 0:00:27]} 21. g4 {[%emt 0:00:40]} Ng7 {[%emt 0:00:10]} 22. Nf3 {[%emt 0:00:08]} e5 {[%emt 0:00:45]} 23. Qh6 {[%emt 0:10:19]} f6 {[%emt 0:03:12]} 24. b3 {[%emt 0:01:03]} Re7 {[%emt 0:01:34]} 25. Bg3 {[%emt 0:04:55]} Qf8 {[%emt 0:01:34]} 26. Qd2 {[%emt 0:02:17]} Rae8 {[%emt 0:00:35]} 27. Kg2 {[%emt 0:01:08]} Rd8 {[%emt 0:02:54]} 28. Re2 {[%emt 0:02:24]} Rf7 {[%emt 0:01:46]} 29. Rde1 {[%emt 0:07:02]} Rdd7 {[%emt 0:02:40]} 1/2-1/2

[Event "DFMMLV 2019"]
[Site "Braunfels"]
[Date "2019.06.23"]
[Round "5.3"]
[White "Daemering, Katrin"]
[Black "Mira, Helene"]
[Result "1/2-1/2"]
[WhiteElo "2003"]
[BlackElo "2029"]
[Annotator "NA"]
[PlyCount "42"]
[EventDate "2019.06.20"]
[EventType "team-tourn"]
[EventCountry "GER"]
[SourceTitle "playchess.com"]
[Source "ChessBase"]
[SourceQuality "1"]
[WhiteTeam "Sachsen"]
[BlackTeam "Wuerttemberg 1"]
[TimeControl "40/5400+30:1800+30"]

1. e4 e5 2. Nf3 Nc6 3. Bc4 Nf6 4. Nc3 {[%emt 0:02:29]} Bc5 {[%emt 0:02:45]} 5. O-O {[%emt 0:00:26]} d6 {[%emt 0:00:43]} 6. h3 {[%emt 0:00:29]} a6 {[%emt 0:00:18]} 7. Re1 {[%emt 0:01:24]} O-O {[%emt 0:01:46]} 8. a3 {[%emt 0:01:32]} Nh5 {[%emt 0:02:03]} 9. Nd5 {[%emt 0:08:23]} h6 {[%emt 0:07:34]} 10. c3 {[%emt 0:04:16]} Ba7 {[%emt 0:00:15]} 11. d4 {[%emt 0:01:04]} exd4 {[%emt 0:02:27]} 12. cxd4 {[%emt 0:02:27]} Nf6 {[%emt 0:04:45]} 13. Nc3 {[%emt 0:07:26]} Ne7 {[%emt 0:05:08]} 14. Bd3 {[%emt 0:13:41]} Ng6 {[%emt 0:02:49]} 15. Be3 {[%emt 0:10:36]} Nh7 {[%emt 0:06:18]} 16. Rc1 {[%emt 0:05:49]} c6 {[%emt 0:00:11]} 17. Bb1 {[%emt 0:08:22]} Kh8 {[%emt 0:09:43]} 18. Qd2 {[%emt 0:12:28]} Qf6 {[%emt 0:06:24]} 19. e5 {[%emt 0:03:40]} dxe5 {[%emt 0:00:12]} 20. dxe5 {[%emt 0:00:20]} Bxe3 {[%emt 0:00:16]} 21. Rxe3 {[%emt 0:02:20]} Qe7 {[%emt 0:00:52]} 1/2-1/2

[Event "DFMMLV 2019"]
[Site "Braunfels"]
[Date "2019.06.23"]
[Round "5.4"]
[White "Gheng, Simona"]
[Black "Nagel, Verena"]
[Result "1-0"]
[WhiteElo "1991"]
[BlackElo "2029"]
[Annotator "NA"]
[PlyCount "73"]
[EventDate "2019.06.20"]
[EventType "team-tourn"]
[EventCountry "GER"]
[SourceTitle "playchess.com"]
[Source "ChessBase"]
[SourceQuality "1"]
[WhiteTeam "Wuerttemberg 1"]
[BlackTeam "Sachsen"]
[TimeControl "40/5400+30:1800+30"]

1. e4 {[%emt 0:00:00]} d6 {[%emt 0:00:00]} 2. d4 {[%emt 0:02:49]} Nf6 {[%emt 0:00:00]} 3. Nd2 {[%emt 0:01:46]} Nbd7 {[%emt 0:00:13]} 4. Ngf3 {[%emt 0:00:35]} e5 {[%emt 0:00:10]} 5. c3 {[%emt 0:01:39]} Be7 {[%emt 0:00:19]} 6. Bc4 {[%emt 0:03:15]} O-O {[%emt 0:02:48]} 7. O-O {[%emt 0:00:39]} c6 {[%emt 0:00:27]} 8. Bb3 {[%emt 0:00:35]} b6 {[%emt 0:01:30]} 9. Re1 {[%emt 0:02:08]} Bb7 {[%emt 0:02:58]} 10. Nf1 {[%emt 0:00:41]} Qc7 {[%emt 0:03:32]} 11. Ng3 {[%emt 0:02:08]} Rae8 {[%emt 0:06:12]} 12. Nf5 {[%emt 0:06:21]} g6 {[%emt 0:09:24]} 13. Nh6+ {[%emt 0:03:51]} Kg7 {[%emt 0:01:36]} 14. Ng5 {[%emt 0:00:13]} d5 {[%emt 0:06:00]} 15. Nhxf7 Bd6 16. exd5 {[%emt 0:07:37]} cxd5 {[%emt 0:01:00]} 17. Nxd6 {[%emt 0:01:46]} Qxd6 {[%emt 0:00:08]} 18. dxe5 {[%emt 0:01:25]} Rxe5 {[%emt 0:03:15]} 19. Rxe5 {[%emt 0:00:36]} Qxe5 {[%emt 0:00:50]} 20. Bf4 {[%emt 0:02:03]} Qe7 {[%emt 0:00:58]} 21. Qd4 {[%emt 0:09:01]} Re8 {[%emt 0:02:58]} 22. h3 {[%emt 0:06:14]} Nc5 {[%emt 0:01:29]} 23. Rd1 {[%emt 0:01:29]} Qe2 {[%emt 0:04:34]} 24. Be3 {[%emt 0:07:59]} h6 {[%emt 0:17:11]} 25. Nf3 {[%emt 0:01:11]} Nxb3 {[%emt 0:01:04]} 26. axb3 {[%emt 0:00:11]} Re4 {[%emt 0:00:25]} 27. Qd2 {[%emt 0:01:13]} Qxd2 {[%emt 0:00:46]} 28. Nxd2 {[%emt 0:00:44]} Re7 {[%emt 0:03:28]} 29. Ra1 {[%emt 0:04:22]} Bc6 {[%emt 0:01:16]} 30. Bd4 {[%emt 0:01:22]} Kf7 {[%emt 0:03:33]} 31. Nf3 {[%emt 0:00:24]} Be8 {[%emt 0:00:34]} 32. Ne5+ {[%emt 0:00:24]} Ke6 {[%emt 0:00:34]} 33. f3 {[%emt 0:06:30]} Nh5 {[%emt 0:05:05]} 34. Ng4 {[%emt 0:02:37]} Rh7 {[%emt 0:00:38]} 35. Re1+ {[%emt 0:00:25]} Kd7 {[%emt 0:00:17]} 36. Re5 {[%emt 0:00:58]} Bf7 {[%emt 0:00:13]} 37. Rxh5 1-0

[Event "DFMMLV 2019"]
[Site "Braunfels"]
[Date "2019.06.23"]
[Round "5.5"]
[White "Just, Anita"]
[Black "Zeller, Elisa"]
[Result "1/2-1/2"]
[WhiteElo "1866"]
[BlackElo "1953"]
[Annotator "NA"]
[PlyCount "111"]
[EventDate "2019.06.20"]
[EventType "team-tourn"]
[EventCountry "GER"]
[SourceTitle "playchess.com"]
[Source "ChessBase"]
[SourceQuality "1"]
[WhiteTeam "Sachsen"]
[BlackTeam "Wuerttemberg 1"]
[TimeControl "40/5400+30:1800+30"]

1. e4 {[%emt 0:00:00]} e6 {[%emt 0:00:00]} 2. d4 {[%emt 0:00:00]} d5 {[%emt 0:00:03]} 3. Nc3 {[%emt 0:00:00]} Bb4 {[%emt 0:00:30]} 4. e5 {[%emt 0:00:53]} c5 {[%emt 0:00:18]} 5. a3 {[%emt 0:00:33]} Bxc3+ {[%emt 0:01:08]} 6. bxc3 {[%emt 0:00:13]} Ne7 {[%emt 0:00:12]} 7. Qg4 {[%emt 0:00:29]} O-O {[%emt 0:00:36]} 8. Nf3 {[%emt 0:03:48]} Nbc6 {[%emt 0:02:53]} 9. Bd3 {[%emt 0:01:00]} f5 {[%emt 0:01:09]} 10. exf6 {[%emt 0:02:34]} Rxf6 {[%emt 0:00:19]} 11. Bg5 {[%emt 0:26:05]} Rf7 {[%emt 0:16:06]} 12. Qg3 {[%emt 0:04:56] C18: French: 3 Nc3 Bb4: Main line: 7 h4 and 7 Qg4} (12. Qh5 g6 13. Qh4 Qa5 14. Bd2 c4 15. Be2 Nf5 16. Qg5 Nd6 17. h4 Ne4 18. Qe3 e5 19. dxe5 Qc7 20. h5 Nxe5 {½-½ (33) Santos Latasa,J (2524)-Fernandez Romero,E (2492) Linares 2017}) 12... c4 {[%emt 0:00:52]} 13. Be2 {[%emt 0:05:38]} Qe8 $146 {[%emt 0:08:10]} ({Predecessor:} 13... Qa5 14. Bd2 h6 15. Nh4 Rf6 16. Rd1 Bd7 17. O-O Raf8 18. Rfe1 Kh7 {1-0 (31) Mardell,J (2130)-Willinger,T (2146) Sweden 2018}) 14. Bxe7 {[%emt 0:06:17]} Rxe7 {[%emt 0:00:55]} 15. Ne5 {[%emt 0:06:57]} Nxe5 {[%emt 0:00:45]} 16. Qxe5 {[%emt 0:00:05]} Qg6 {[%emt 0:02:26]} 17. O-O {[%emt 0:01:47]} Qf6 {[%emt 0:07:43]} 18. f4 {[%emt 0:02:49]} Bd7 {[%emt 0:10:25]} 19. a4 {[%emt 0:06:57]} Rf8 {[%emt 0:03:40]} 20. g3 {[%emt 0:13:24]} Qxe5 {[%emt 0:01:44]} 21. fxe5 {[%emt 0:00:27]} Rxf1+ {[%emt 0:00:22]} 22. Kxf1 {[%emt 0:00:54]} Be8 {[%emt 0:00:53]} 23. Bg4 {[%emt 0:01:24]} Bg6 {[%emt 0:01:15]} 24. Rc1 {[%emt 0:00:40]} Kf8 {[%emt 0:00:33]} 25. Ke2 {[%emt 0:00:45]} Ke8 {[%emt 0:00:15]} 26. Kd2 {[%emt 0:00:46]} Kd7 {[%emt 0:01:33]} 27. Rb1 {[%emt 0:01:58]} Kc7 {[%emt 0:01:35]} 28. a5 {[%emt 0:04:02]} h5 {[%emt 0:05:11]} 29. Bh3 {[%emt 0:00:48]} Be4 {[%emt 0:02:54]} 30. Rb5 {[%emt 0:04:14]} g5 {[%emt 0:02:28]} 31. Rc5+ {[%emt 0:01:00]} Kb8 {[%emt 0:02:05]} 32. Bf1 {[%emt 0:00:47]} Rf7 {[%emt 0:00:39]} 33. Be2 {[%emt 0:00:25]} g4 {[%emt 0:13:07]} 34. a6 {[%emt 0:01:16]} Rc7 {[%emt 0:02:57]} 35. Rb5 {[%emt 0:00:56]} b6 {[%emt 0:00:05]} 36. Rb1 {[%emt 0:00:49]} Rf7 {[%emt 0:00:08]} 37. Rf1 {[%emt 0:00:13]} Rxf1 {[%emt 0:00:18]} 38. Bxf1 {[%emt 0:00:04]} Kc7 {[%emt 0:00:03]} 39. h3 {[%emt 0:00:45]} b5 {[%emt 0:00:28]} 40. hxg4 {[%emt 0:00:11]} hxg4 {[%emt 0:00:06]} 41. Be2 {[%emt 0:30:26]} Bf5 {[%emt 0:32:03]} 42. Ke3 {[%emt 0:00:00]} Kb6 {[%emt 0:00:00]} 43. Kf4 {[%emt 0:00:00]} Kxa6 {[%emt 0:00:00]} 44. Bxg4 {[%emt 0:00:00]} Bxg4 {[%emt 0:00:00]} 45. Kxg4 {[%emt 0:00:00]} Kb6 {[%emt 0:00:00]} 46. Kh5 {[%emt 0:00:00]} a5 {[%emt 0:00:00]} 47. g4 {[%emt 0:00:00]} b4 {[%emt 0:02:41]} (47... a4 $5 48. g5 $8 a3 $11) 48. cxb4 $11 {[%emt 0:00:00]} axb4 {[%emt 0:00:08]} 49. g5 {[%emt 0:00:00]} b3 {[%emt 0:00:34]} 50. cxb3 {[%emt 0:00:00]} cxb3 {[%emt 0:00:04]} 51. g6 {[%emt 0:00:00]} b2 {[%emt 0:00:05]} 52. g7 {[%emt 0:00:00]} b1=Q {[%emt 0:00:11]} 53. g8=Q {[%emt 0:00:00]} Qf5+ {[%emt 0:01:45]} 54. Qg5 {[%emt 0:00:00]} Qh7+ {[%emt 0:00:18]} 55. Qh6 {[%emt 0:00:00]} Qf5+ {[%emt 0:00:45]} 56. Qg5 {[%emt 0:00:00]} 1/2-1/2

[Event "DFMMLV 2019"]
[Site "Braunfels"]
[Date "2019.06.23"]
[Round "5.6"]
[White "Heil, Marina"]
[Black "Lowke, Kathrin"]
[Result "1-0"]
[WhiteElo "1979"]
[BlackElo "1887"]
[Annotator "NA"]
[PlyCount "81"]
[EventDate "2019.06.20"]
[EventType "team-tourn"]
[EventCountry "GER"]
[SourceTitle "playchess.com"]
[Source "ChessBase"]
[SourceQuality "1"]
[WhiteTeam "Wuerttemberg 1"]
[BlackTeam "Sachsen"]
[TimeControl "40/5400+30:1800+30"]

1. e4 {[%emt 0:00:00]} c5 {[%emt 0:00:00]} 2. d3 {[%emt 0:00:00]} Nc6 {[%emt 0:01:39]} 3. f4 {[%emt 0:01:03]} e6 {[%emt 0:00:59]} 4. Nf3 {[%emt 0:00:12]} Nge7 {[%emt 0:00:33]} 5. Be2 {[%emt 0:00:38]} d5 {[%emt 0:00:14]} 6. c3 {[%emt 0:00:45]} g6 {[%emt 0:00:33]} 7. Be3 {[%emt 0:01:38]} Bg7 {[%emt 0:01:54]} 8. Bxc5 {[%emt 0:00:30]} b6 {[%emt 0:00:24]} 9. Bf2 {[%emt 0:01:39]} O-O {[%emt 0:01:49]} 10. Na3 {[%emt 0:02:57]} Ba6 {[%emt 0:02:21]} 11. e5 {[%emt 0:05:27]} Rc8 {[%emt 0:02:52]} 12. Qa4 {[%emt 0:04:10]} Bb7 {[%emt 0:05:11]} 13. Nb5 {[%emt 0:07:03]} a5 {[%emt 0:08:00]} 14. O-O {[%emt 0:12:39]} Rb8 {[%emt 0:04:12]} 15. Qd1 {[%emt 0:04:03]} Ba6 {[%emt 0:01:55]} 16. Na3 {[%emt 0:04:43]} b5 {[%emt 0:04:49]} 17. Nc2 {[%emt 0:07:45]} b4 {[%emt 0:03:30]} 18. c4 {[%emt 0:04:49]} dxc4 {[%emt 0:01:39]} 19. dxc4 {[%emt 0:00:06]} Qxd1 {[%emt 0:00:12]} 20. Rfxd1 {[%emt 0:00:06]} b3 {[%emt 0:00:11]} 21. Ncd4 {[%emt 0:04:52]} bxa2 {[%emt 0:01:09]} 22. Rxa2 {[%emt 0:00:09]} Rb4 {[%emt 0:00:56]} 23. b3 {[%emt 0:01:35]} Rfb8 {[%emt 0:12:26]} 24. Be1 {[%emt 0:04:47]} Rxb3 {[%emt 0:09:31]} 25. Nxb3 {[%emt 0:00:07]} Rxb3 {[%emt 0:00:04]} 26. Bxa5 {[%emt 0:00:57]} Bb7 {[%emt 0:01:36]} 27. Bc7 {[%emt 0:03:38]} Bh6 {[%emt 0:01:33]} 28. g3 {[%emt 0:07:52]} Nb4 {[%emt 0:02:37]} 29. Nd4 {[%emt 0:00:17]} Nxa2 {[%emt 0:01:44]} 30. Nxb3 {[%emt 0:00:13]} Nc6 {[%emt 0:01:02]} 31. Na5 {[%emt 0:07:21]} Nc3 {[%emt 0:01:29]} 32. Nxb7 {[%emt 0:00:12]} Nxe2+ {[%emt 0:02:18]} 33. Kf2 {[%emt 0:00:06]} Ned4 {[%emt 0:00:32]} 34. Ra1 {[%emt 0:00:30]} g5 {[%emt 0:01:25]} 35. Ra8+ {[%emt 0:00:45]} Kg7 {[%emt 0:00:07]} 36. Ke3 {[%emt 0:00:54]} Nf5+ {[%emt 0:03:52]} 37. Ke4 {[%emt 0:00:49]} gxf4 {[%emt 0:00:47]} 38. gxf4 {[%emt 0:00:09]} Nce7 {[%emt 0:00:35]} 39. Nd6 {[%emt 0:01:14]} Ng6 {[%emt 0:01:01]} 40. Ne8+ {[%emt 0:00:35]} Kf8 {[%emt 0:00:25]} 41. Nf6+ {[%emt 0:30:25]} 1-0